LE SSERAFIM - Member Picture Quiz - Statistics

General Stats
  • This quiz has been taken 85 times
  • The average score is 5 of 5
Answer Stats
Picture Answer % Correct
Huh Yunjin
97%
Kim Chaewon
95%
Sakura
95%
Hong Eunchae
94%
Kazuha
92%
No matching quizzes found
Score Distribution
Percent of People with Each Score
Percentile by Number Answered
Your Score History
You have not taken this quiz